000 01871nam a2200541 i 4500
001 40998
003 KOSZ 005
005 20220721095622.0
008 020214s2002 pl f d |000 0 pol
015 _aUWD 2002/2953
020 _a8320813794
035 _a991017709409705066
035 _a(PL-WaBN)b14791407-48omnis_nlop
035 _ab14791407
035 _a(OCoLC)830291640
035 _azz2003880708
035 _a(PL)b0000001479140
035 _a(EXLNZ-48OMNIS_NETWORK)9910089272805606
040 _aWA N
_cWA N
_dWA N
041 1 _apoleng
046 _k2002
080 _a330.43(038)=111=162.1
100 1 _aWelfe, Aleksander
_d(1960- )
_eAutor
245 1 0 _aAngielsko-polski, polsko-angielski słownik terminów metod ilościowych /
_cAleksander Welfe, Janusz Brzeszczyński, Michał Majsterek.
260 _aWarszawa :
_bPolskie Wydawnictwo Ekonomiczne,
_c2002.
300 _a341, [3] s. ;
_c21 cm.
336 _aTekst
_btxt
_2rdacontent
337 _aBez urządzenia pośredniczącego
_bn
_2rdamedia
338 _aWolumin
_bnc
_2rdacarrier
380 _aKsiążki
388 _a2001-
504 _aBibliogr.
650 7 _aEkonometria
_2DBN
650 7 _aJęzyk angielski
_2DBN
650 7 _aJęzyk polski
_2DBN
650 7 _aTerminologia
_2DBN
655 7 _aSłownik angielsko-polski
_2DBN
655 7 _aSłownik polsko-angielski
_2DBN
655 7 _aSłownik terminologiczny
_2DBN
658 _aGospodarka, ekonomia, finanse
658 _aJęzykoznawstwo
700 1 _aBrzeszczyński, Janusz
_eAutor
700 1 _aMajsterek, Michał
_eAutor
710 2 _aPolskie Wydawnictwo Ekonomiczne
_4pbl
856 _uhttp://koha.tu.koszalin.pl/cgi-bin/koha/opac-detail.pl?biblionumber=40998
_yKatalog online BPK
942 _2UKD
_cKS
999 _c40998
_d40998